| 000 | 00583nam a2200193 a 4500 | ||
|---|---|---|---|
| 001 | 001116076 | ||
| 003 | AM-YeHGA | ||
| 005 | 20250617151839.0 | ||
| 008 | 151125s1947 ||| r 000 0 rus d | ||
| 040 | _aAM-YeHGA | ||
| 041 | 0 | _arus | |
| 100 | 1 | _aТощаков, Николай Аркадьевич | |
| 245 | 1 | 0 |
_aЧарома : _bПовесть / _cНиколай Тощаков. |
| 260 |
_aМосква : _bПравда, _c1947. |
||
| 300 | _a64 с. | ||
| 440 | 0 |
_aБиблиотека "Огонек" _n35 |
|
| 653 | 0 | _aРусская литература | |
| 090 | _c360908 | ||
| 999 |
_c359083 _d359083 |
||